000 02505cam a2200373 a 4500
001 690421
005 20210414113912.0
008 960503s1997 enka b 001 0 eng
010 _a 96022708
020 _a0471957917
040 _aDLC
_cDLC
_dDLC
043 _ae-uk---
050 0 0 _aHC256.6.M278
082 0 0 _a339.5/0941
_220
245 0 0 _aMacroeconomic modelling in a changing world :towards a common approach. /
_cedited by Chris Allen and Stephen Hall.
260 _aChichester ;
_aNew York :
_bWiley,
_cc1997.
300 _aix, 307 p. :
_bill. ;
_c24 cm.
440 0 _aSeries in financial economics and quantitative analysis
504 _aIncludes bibliographical references and index.
505 _aContents: Introduction Marcoeconomic modelling: A Perspective -- Model building: A Survey of flexilble functional forms applied to production analysis -- Modelling investment witrh adjustment costs using flexible functional forms --Forward-looking consumption and financial liberalisation in the United Kingdom -- Stockbuilding, risk and the forward-looking behaviour of the firm,-- UK fiscal policy over the medium term -- Two concepts of the NAIRU, -- Investigating structural breaks in UK manufacturing trade -- A Supply-side model of the UK economy: An Application of non-linear cointegration -- Using models: Controlling inflation: Modelling monetary policy in the 1990s -- The Stability of expectational equilibria in the LBS model -- Modelling the effects of changing millitary expenditure -- Modelling economies in transition.
650 0 _aMacroeconomics
_xMathematical models.
651 0 _aGreat Britain
_xEconomic conditions
_y1964-1979
_xEconometric models.
651 0 _aGreat Britain
_xEconomic conditions
_y1979-1997
_xEconometric models.
651 0 _aGreat Britain
_xEconomic policy
_y1964-1979
_xEconometric models.
651 0 _aGreat Britain
_xEconomic policy
_y1979-1997
_xEconometric models.
700 1 _aAllen, Chris.
700 1 _aHall, S. G.
856 4 _3Table of Contents
_uhttp://www.loc.gov/catdir/toc/onix03/96022708.html
856 4 2 _3Contributor biographical information
_uhttp://www.loc.gov/catdir/enhancements/fy0706/96022708-b.html
856 4 2 _3Publisher description
_uhttp://www.loc.gov/catdir/enhancements/fy0706/96022708-d.html
906 _a7
_bcbc
_corignew
_d1
_eocip
_f19
_gy-gencatlg
942 _2lcc
_cBK
999 _c503
_d8003